| 000 | 00421nam a2200157 a 4500 | ||
|---|---|---|---|
| 005 | 20140414132111.0 | ||
| 008 | 100823s19uu xx 00 eng d | ||
| 050 |
_aVCD _bF94 |
||
| 100 | _aLucado, Max | ||
| 245 | _aA fruitcake christmas. | ||
| 260 |
_aNew York : _bTommy Nelson, _c2008. |
||
| 300 | _aApr 35 mins / Color / Stereo | ||
| 440 | _aMax Lucado's Hermie and Friends | ||
| 650 | _aChristmas | ||
| 999 |
_c114771 _d114771 |
||